Premiers of Tasmania - Statistics

General Stats
  • This quiz has been taken 10 times
    4 since last reset
  • The average score is 4 of 57
Answer Stats
Years Party Answer % Correct
2022- Liberal Jeremy Rockliff
100%
2020-2022 Liberal Peter Gutwein
100%
1857-1860 Independent Francis Smith
67%
1923-1928 Labor Joseph Lyons
67%
2014-2020 Liberal Will Hodgman
67%
1884-1886 Independent Adye Douglas
0%
1934-1939 Labor Albert Ogilvie
0%
1912-1914 Liberal League Albert Solomon
0%
1873-1876 Independent Alfred Kennerley
0%
1969-1972 Liberal Angus Bethune
0%
1975-1977 Labor Bill Neilson
0%
2008-2011 Labor David Bartlett
0%
1977-1981 Labor Doug Lowe
0%
1939-1939 Labor Edmund Dwyer-Gray
0%
1894-1899 Free Trade Edward Braddon
0%
1947-1948 Labor Edward Brooker
0%
1899-1903 Free Trade Elliot Lewis
0%
1909-1909 Liberal League Elliot Lewis
0%
1909-1912 Liberal League Elliot Lewis
0%
1958-1969 Labor Eric Reece
0%
1972-1975 Labor Eric Reece
0%
1872-1873 Independent Frederick Innes
0%
1981-1982 Labor Harry Holgate
0%
1892-1894 Free Trade Henry Dobson
0%
1886-1887 Independent James Agnew
0%
1863-1866 Independent James Whyte
0%
1869-1872 Independent James Wilson
0%
1998-2004 Labor Jim Bacon
0%
1909-1909 Labor John Earle
0%
1914-1916 Labor John Earle
0%
1904-1909 Free Trade John Evans
0%
1922-1923 Nationalist John Hayes
0%
1928-1934 Nationalist John McPhee
0%
2011-2014 Labor Lara Giddings
0%
1989-1992 Labor Michael Field
0%
2004-2008 Labor Paul Lennon
0%
1877-1878 Independent Philip Fysh
0%
1887-1892 Protectionist Philip Fysh
0%
1992-1996 Liberal Ray Groom
0%
1866-1869 Independent Richard Dry
0%
1939-1947 Labor Robert Cosgrove
0%
1948-1958 Labor Robert Cosgrove
0%
1982-1989 Liberal Robin Gray
0%
1861-1863 Independent Thomas Chapman
0%
1857-1857 Independent Thomas Gregson
0%
1876-1877 Independent Thomas Reibey
0%
1996-1998 Liberal Tony Rundle
0%
1916-1922 Liberal League/Nationalist Walter Lee
0%
1923-1923 Nationalist Walter Lee
0%
1934-1934 Nationalist Walter Lee
0%
1856-1857 Independent William Champ
0%
1878-1879 Independent William Crowther
0%
1878-1878 Independent William Giblin
0%
1879-1884 Independent William Giblin
0%
1903-1904 Protectionist William Propsting
0%
1857-1857 Independent William Weston
0%
1860-1861 Independent William Weston
0%
No matching quizzes found
Score Distribution
Percent of People with Each Score
Percentile by Number Answered
Your Score History
You have not taken this quiz since the last reset